| 000 | 00675cam a2200217 4500500 | ||
|---|---|---|---|
| 005 | 20260405002106.0 | ||
| 041 | _afre | ||
| 042 | _adc | ||
| 100 | 1 | 0 |
_aFleury, Pauline _eauthor |
| 245 | 0 | 0 | _aCharlotte Casiraghi / André Comte-Sponville. L’amour, la solitude |
| 260 | _c2015. | ||
| 500 | _a50 | ||
| 690 | _aAndré Comte-Sponville | ||
| 690 | _aCharlotte Casiraghi | ||
| 690 | _aExistence | ||
| 690 | _aMonaco | ||
| 690 | _aphilosophie | ||
| 690 | _aSolitude | ||
| 786 | 0 | _nPhilosophie magazine | 93 | 10 | 2015-10-01 | p. 14-16 | 1951-1787 | |
| 856 | 4 | 1 | _uhttps://shs.cairn.info/magazine-philosophie-magazine-2015-10-page-14?lang=fr&redirect-ssocas=7080 |
| 999 |
_c2054148 _d2054148 |
||